00513nam a2200205Ia 4500003000400000005001700004008004100021020002200062040000700084041000800091082002100099100001600120245005800136250000600194260005000200300001800250365001400268440000600282650001900288OSt20230612140955.0210423s2017 xx 000 0 und d a978-93-86635-42-6 cAL aeng a336.2 223bGUPT aGUPTA (S S) aTaxmanns GST: how to meet your obligations Vol 1 Ed 3 a3 aNew DelhibTaxmann Publications Pvt Ltdc2017 aI-14,1148bPB b1600cINR v1 aPublic Finance